00773nam a22002417a 450000500170000000800410001701700120005801800090007002000180007904000240009705000210012108200130014210000270015524500960018226000720027830000240035056300110037465000230038565000370040865000160044565000190046165000510048020260525063710.0260525b |||||||| |||| 00| 0 eng d aLD.0147 a2025 a9789786823737 aNLNbEnglisheAACR2 aDT515.83.E28bA3 a923.8669 aEGBUCHULAM, Ngozieaut aThe story i never told :bthe unstoppable journey of God's faithfulness /cNgozi Egbuchulam aAbuja (Sky Memorial Complex) :bVJ Prints and Publishers, c[2026?] axiv, 105p. ;b20cm. a(pbk.) aEgbuchulam, Ngozi, aJournalistsvNigeriaxBiography  aReminiscing aChristian life aProvidence and government of GodvChristianity